| 000 | 01031nas a2200325 4500 | ||
|---|---|---|---|
| 001 | BR0203854 | ||
| 003 | BR-BrBNA | ||
| 005 | 20231205103137.0 | ||
| 007 | ta | ||
| 008 | 230509b bl.|||p| |||| 00| 00por d | ||
| 040 |
_aBR-BrBNA _bpor _cBiblioteca Nacional de Agricultura |
||
| 041 | _a(Pt) | ||
| 072 | _aL51 | ||
| 100 | 1 | _aCampos, F.P. de | |
| 100 | 1 | _aSampaio, A.A.M. | |
| 100 | 1 | _aVieira, P. de F. | |
| 100 | 1 | _aBose, M.L.V. | |
| 245 | 1 | _aDigestibilidade in vitro/gás de volumosos exclusivos ou combinados avaliados pelo resíduo remanescente da digestão da matéria seca e produção de gás | |
| 650 | _aRUMINANTE | ||
| 650 | _aCANA DE AÇÚCAR | ||
| 650 | _aCAPIM ELEFANTE | ||
| 650 | _aMILHO | ||
| 650 | _aSILAGEM | ||
| 650 | _aDIGESTIBILIDADE IN VITRO | ||
| 650 | _aVOLUMOSOS | ||
| 650 | _aMATÉRIA SECA | ||
| 773 | 0 |
_tRevista Brasileira de Zootecnia (Brazil) _xISSN 1516-3598 _g(Sep-Oct 2001), v. 30(5) p. 1579-1589 _wBR0203854 |
|
| 909 |
_a202311 _bLúcia _c55 _dLúcia Elande |
||
| 942 |
_2AGRIS _n0 _cANA |
||
| 999 |
_c171318 _d171318 |
||